Mi residencia de Tortosa y el reconocimiento que hize de aquellas costas del mar... [ (Record no. 50388)

MARC details
000 -LEADER
campo de control de longitud fija 00629ntm a2200157 i 4500
001 - NÚMERO DE CONTROL
campo de control 50388
003 - IDENTIFICADOR DE NÚMERO DE CONTROL
campo de control ES-MaACL
005 - FECHA Y HORA DE LA ÚLTIMA TRANSACCIÓN
campo de control 20230906162154.0
007 - CAMPO FIJO DE DESCRIPCIÓN FÍSICA--INFORMACIÓN GENERAL
campo de control de longitud fija t|
008 - DATOS DE LONGITUD FIJA--INFORMACIÓN GENERAL
campo de control de longitud fija 190514q17001800sp ||||1| spa d
245 00 - MENCIÓN DEL TÍTULO
Título Mi residencia de Tortosa y el reconocimiento que hize de aquellas costas del mar... [
Medio Manuscrito].
260 ## - PUBLICACIÓN, DISTRIBUCIÓN, ETC.
Fecha de publicación, distribución, etc. [1700-1800?]
300 ## - DESCRIPCIÓN FÍSICA
Extensión [6 p.] ;
Dimensiones 21 cm.
651 #4 - PUNTO DE ACCESO ADICIONAL DE MATERIA--NOMBRE GEOGRÁFICO
Nombre geográfico Tortosa-
Subdivisión general Descripción.
9 (RLIN) 167016
852 4# - LOCALIZACIÓN
Ubicación ES-MaACL
Número de control de estantería B-8924(13)
Nota libre - Legado de Federico de Botella y de Hornos
-- - Encuadernado en un vol. facticio agrupado con el nombre en el lomo: España, geología, memorias y documentos varios 1 a 8
Holdings
Estatus retirado Estado de pérdida Estado de daño No para préstamo Colección Biblioteca de origen Biblioteca actual Ubicación en estantería Fecha de adquisición Fuente de adquisición Total de préstamos Signatura topográfica completa Código de barras Visto por última vez Precio de reemplazo Tipo de ítem Koha
        Manuscritos Biblioteca del Ateneo de Madrid Biblioteca del Ateneo de Madrid Sala Pardo Bazán 14/05/2019     B-8924(13) 1200513 23/02/2023 23/02/2023 Manuscrito